Obras escogidas.
Guardat en:
| Autor principal: | |
|---|---|
| Format: | Llibre |
| Idioma: | espanyol |
| Publicat: |
Santiago, Chile:
Dirección de Bibliotecas, Archivos y Museos; Centro de Investigaciones Diego Barros Arana; Universidad de Chile,
2000.
|
| Matèries: | |
| Etiquetes: |
Afegir etiqueta
Sense etiquetes, Sigues el primer a etiquetar aquest registre!
|
MARC
| LEADER | 00000nam a2200000 a 4500 | ||
|---|---|---|---|
| 001 | UCN8267 | ||
| 003 | CL-VaPUC | ||
| 005 | 20230124115507.0 | ||
| 008 | 011109e20000000CL |||||||||||||||||spa|d | ||
| 999 | |c 298284 |d 298282 | ||
| 020 | |a 956-244-119-9 (colección) | ||
| 020 | |a 956-244-121-0 (v.II) | ||
| 020 | |a 956-244-122-9 (v.III) | ||
| 040 | |c Pontificia Universidad Católica de Valparaíso | ||
| 082 | 0 | 4 | |a 983 FEL 2000 |2 21 |
| 100 | |a Feliú Cruz, Guillermo |e autor |d 1900-1973 |9 392726 | ||
| 245 | 1 | 0 | |a Obras escogidas. |
| 260 | |a Santiago, Chile: |b Dirección de Bibliotecas, Archivos y Museos; |b Centro de Investigaciones Diego Barros Arana; |b Universidad de Chile, |c 2000. | ||
| 300 | |a 3 Volúmenes. | ||
| 500 | |a c.1 Volumen II: Donación Familia Prof. Alejandro Guzmán Brito. c.1 Volumen III: Donación Familia Prof. Alejandro Guzmán Brito. | ||
| 505 | |a v.II: Durante la república: perfiles de la evolución política, social y constitucional. v.III: En torno a Ricardo Palma: la estancia en Chile. | ||
| 583 | |a last modification |c 20011109 00:00:00 |k Rodrigo Vera | ||
| 600 | |a Palma, Ricardo |d 1833-1919 |9 880094 | ||
| 650 | 0 | |a Historia de Chile |9 265473 | |
| 651 | 0 | |9 254862 |a Chile |x Desarrollo social | |
| 852 | |a BIBCUR | ||
| 942 | |c BK |2 ddc |n 0 | ||
| 945 | |d 20011109 00:00:00 |a cmena | ||
| 952 | |0 0 |1 0 |2 ddc |4 0 |6 983_000000000000000_FEL_2000 |7 0 |8 A |9 353783 |a BIBHIS |b BIBHIS |d 2019-11-21 |h v.3 |i 3769364 |o 983 FEL 2000 |p 3769364 |r 2025-01-20 |t 1 |w 2019-11-21 |y BK |k HIS | ||
| 952 | |0 0 |1 0 |2 ddc |4 0 |6 983_000000000000000_FEL_2000 |7 0 |8 A |9 353784 |a BIBHIS |b BIBHIS |d 2019-11-21 |h v.3 |i 3925951 |o 983 FEL 2000 |p 3925951 |r 2025-01-20 |t 2 |w 2019-11-21 |y BK |k HIS | ||